000 00299nam a22001217a 4500
008 230622b xxu||||| |||| 00| 0 eng d
082 _a342
_bASGP
100 _cASGP
245 _aConstitutional and Parliamentary Information
_bASGP
260 _aIndia
_bASGP
_c1993
300 _a245p
942 _2ddc
_cBK
999 _c2341
_d2341